[Event "Modbury Championship"]
[Site "Modbury"]
[Date "2002.07.26"]
[Round "6.1"]
[White "Watters, Daniel"]
[Black "De Jong, George"]
[Result "1-0"]
[WhiteElo "1492"]
[BlackElo "1369"]
[Annotator "Fritz 7"]
[PlyCount "59"]
[EventDate "2002.08.02"]
[EventType "tourn"]
[EventRounds "7"]
[EventCountry "AUS"]

{C30: King's Gambit Declined} 1. e4 e5 2. f4 d6 3. Nf3 exf4 4. d4 h6 $146 {
Controls g5} (4... Be7 5. Bxf4 Nc6 6. d5 Na5 7. b4 Bf6 8. c3 Qe7 9. Qd3 Bf5 10.
Nbd2 Bxc3 11. Qxc3 Bxe4 12. Nxe4 Qxe4+ 13. Qe3 {
1-0 Braig,F-Clos,J/St Ingbert 1987/EXT 97 (13)}) (4... Bg4 5. Bxf4 Nf6 (5... a6
6. Qe2 Qf6 7. Bg3 Bxf3 8. gxf3 Qxd4 9. c3 Qf6 10. Nd2 Nc6 11. Bh3 Qh6 12. Bf5
Be7 13. O-O-O Bh4 14. e5 d5 15. e6 Nge7 16. exf7+ Kxf7 17. Bc2 Rac8 18. f4 Rhe8
19. Qg4 Bf6 20. Nf3 {
Fussnecker,M-Wallrabenstein,E/Griesheim 2000/EXT 2001/1-0 (38)}) (5... Be7 6.
Bg3 Nf6 7. Bd3 d5 8. Nbd2 dxe4 9. Nxe4 c6 10. c3 O-O 11. O-O Nbd7 12. Qc2 Nxe4
13. Bxe4 g6 14. Ne5 Nxe5 15. Bxe5 Bd6 16. Bf6 Qc7 17. Qd2 Be7 18. Be5 Qd8 19.
Qh6 f6 20. Bxg6 hxg6 21. Qxg6+ Kh8 22. Rf4 fxe5 23. Qh6+ Kg8 24. Rxg4+ Kf7 25.
Qg6# {1-0 Vidawati,S-Naouel,Z/Sofia 1994/TD (25)}) 6. Nc3 Nbd7 7. h3 Bh5 8. e5
Qe7 9. g4 Bg6 10. Qe2 dxe5 11. dxe5 Ng8 12. Nd5 Qc5 13. e6 Bd6 14. exf7+ {
1-0 Bergez,L-Allard,S/Bethune 1998/EXT 2001 (14)}) (4... g6 5. Bxf4 Bg7 6. Nc3
Nf6 7. Qd2 O-O 8. O-O-O Nc6 9. Bc4 Bg4 10. Rhf1 Rc8 11. Bg5 Ne7 12. h3 Bxf3 13.
Rxf3 Nc6 14. Rdf1 Nxe4 15. Nxe4 Qd7 16. Nf6+ Bxf6 17. Bxf6 Rcd8 18. Qh6 {
1-0 Reams,C-Benac/Paris 1993/EXT 98 (18)}) (4... g5 $142 $5 {
should be examined more closely} 5. h3 Bg7 $15) 5. Bxf4 $14 Be7 6. Bc4 Nd7 7.
O-O Nb6 8. Bb3 Be6 9. Bxe6 fxe6 10. Nbd2 (10. Qd3 Qd7 $16) 10... Nf6 11. c4 O-O
12. e5 {White gains space} Nh5 (12... Ng4 13. exd6 cxd6 14. Ne1 $14) 13. Be3
$16 g5 14. b3 Ng7 15. g4 d5 16. Qc2 Qe8 17. h4 h5 18. Nxg5 Bxg5 19. Bxg5 hxg4
20. Rxf8+ Qxf8 21. Rf1 Qe8 22. cxd5 Nxd5 23. Ne4 Nf5 24. Qd2 (24. Qg2 Qh5 25.
Nf6+ Nxf6 26. Qxb7 Rf8 27. Bxf6 Nxh4 28. Qxc7 Qh6 29. Bxh4 Qxh4 30. Rxf8+ Kxf8
$14) 24... Qg6 25. Nf6+ Nxf6 26. exf6 Kf7 $4 (26... c6 $142 {was much better}
27. Qe2 Nxd4 28. Qxg4 Nf5 $14) 27. d5 $18 Rd8 (27... e5 28. Qc2 c6 29. dxc6 Nd4
30. cxb7 Nf3+ 31. Rxf3 Qxc2 32. bxa8=Q gxf3 33. Qxa7+ Kg6 34. Qg7+ Kh5 35. Qf7+
Qg6 36. Qxg6+ Kxg6 $18) 28. dxe6+ Kxe6 29. Qxd8 (29. Re1+ Kf7 30. Qxd8 Ne3 31.
Rxe3 Qb1+ 32. Kg2 Qc2+ 33. Kg3 Qf2+ 34. Kxf2 g3+ 35. Kxg3 Kg6 36. Qg8+ Kh5 37.
Qe8#) 29... Qf7 30. Re1+ (30. Re1+ Ne3 31. Rxe3+ Kf5 32. Qd3#) 1-0

[Event "Modbury Championship"]
[Site "Modbury"]
[Date "2002.07.26"]
[Round "6.3"]
[White "Porlaje, Benjamin"]
[Black "Anderson-Smith, William"]
[Result "1/2-1/2"]
[WhiteElo "1493"]
[BlackElo "1613"]
[Annotator "Fritz 7"]
[PlyCount "122"]
[EventDate "2002.08.02"]
[EventType "tourn"]
[EventRounds "7"]
[EventCountry "AUS"]

{D40: Queen's Gambit Declined: Semi-Tarrasch with 5 e3} 1. c4 e6 2. Nc3 d5 3.
e3 Nf6 4. d4 c5 5. Nf3 Nc6 6. Bd3 dxc4 7. Bxc4 a6 8. O-O b5 9. Bd3 Bb7 10. b3
$146 (10. a4 b4 (10... c4 11. Bc2 b4 12. Ne4 Be7 13. Qe2 Na5 14. Nxf6+ gxf6 15.
e4 Rg8 16. Bf4 b3 17. Bb1 Rc8 18. Bd2 Qb6 19. Rc1 Bb4 20. Bc3 Kf8 21. Qd2 Bxc3
22. Qh6+ Ke7 23. Rxc3 Rg6 24. Qh5 Rcg8 25. g3 {
Tarrasch,S-Marshall,F/St Petersburg 1914/HCL/0-1 (58)}) 11. Ne4 Nxe4 (11...
cxd4 12. exd4 Na5 13. Nxf6+ gxf6 14. Re1 Bd5 15. Bf4 Bd6 16. Bxd6 Qxd6 17. Nd2
Qf4 18. Ne4 Nb3 19. Rb1 Ke7 20. Ng3 Rad8 21. Bxa6 h5 22. h4 Kf8 23. Re3 Nxd4
24. Rc1 Qxh4 25. Qe1 Qg4 26. Rd1 {
Rodriguez Vargas,O-Tatai,S/Las Palmas 1975/MCD/0-1 (38)}) (11... Na5 12. Nxc5
Bxc5 13. dxc5 Rc8 14. Be2 Qxd1 15. Bxd1 Ne4 16. Nd4 Bd5 17. f3 Nxc5 18. Bd2 Bc4
19. Be2 e5 20. Rac1 Bxe2 21. Nxe2 Nab3 22. Rc2 a5 23. f4 exf4 24. Rxf4 O-O 25.
Rfc4 Rcd8 26. Nd4 Nxd4 27. exd4 Nxa4 28. Bf4 Rd5 29. Bc7 f6 30. b3 Nc3 31. Rc5
Rxd4 32. Bxa5 Rd1+ 33. Kf2 Ne4+ 34. Ke2 Ra1 {
0-1 Jevtifejev,P-Flamberg,A/St Petersburg 1914/EXT 99 (34)}) 12. Bxe4 Na5 (
12... Qc7 13. b3 Na5 14. Bxb7 Qxb7 15. Bb2 c4 16. bxc4 Nxc4 17. Qb3 Nxb2 18.
Qxb2 a5 19. d5 Qxd5 20. Rfd1 Qb7 21. Rac1 f6 22. Nd4 Kf7 23. Rc6 Rc8 24. Rdc1
Rxc6 25. Nxc6 Be7 26. Nxa5 Qa6 27. Nc6 {
Murshed,N-Marjanovic,S/Bela Crkva 1983/EXT 98/1-0 (72)}) 13. Bxb7 Nxb7 14. Qe2
Bd6 15. Rd1 O-O 16. b3 Qe7 17. Bb2 a5 18. Nd2 Rfd8 19. Nc4 Bc7 20. Rac1 cxd4
21. exd4 Rd5 22. Ne3 Rd7 23. Qg4 Rad8 24. d5 f5 {
Janowski,D-Lasker,E/Berlin 1910/MainBase/0-1 (88)}) (10. a4 $5 b4 11. Ne4 $11)
10... cxd4 $15 11. exd4 Be7 (11... Nxd4 $2 {
doesn't lead to anything significant} 12. Nxd4 Qd6 13. Re1 $18) 12. Bb2 O-O (
12... Nxd4 $2 {leads to nothing} 13. Nxd4 Qd6 14. Nce2 $18) 13. Re1 Rc8 14. Ne4
Nb4 15. Bb1 Rc7 (15... Bxe4 16. Bxe4 Nxe4 17. Rxe4 $17) 16. a3 (16. Nxf6+ Bxf6
17. Ne5 Qd6 $15) 16... Nbd5 (16... Nxe4 17. Bxe4 Bxe4 18. Rxe4 $15) 17. Nfg5 h6
18. Nxf6+ (18. Nf3 Nxe4 19. Bxe4 Bd6 $15) 18... Nxf6 $17 (18... gxf6 19. Nh7
Re8 20. Qg4+ Kh8 21. Qh4 $11) 19. Ne4 Qa8 (19... Bxe4 20. Bxe4 Nxe4 21. Rxe4
$17) 20. Nxf6+ (20. d5 $5 Nxd5 21. Bxg7 Kxg7 22. Qg4+ Kh8 23. Qh3 $11) 20...
Bxf6 $15 21. Qd3 g6 22. Qg3 Rd7 23. Rd1 Bd5 {The bishop likes it on d5} 24. h4
(24. Bc1 Bg7 $15) 24... Qb8 25. Qe3 Kg7 26. g3 {Secures h4} (26. h5 gxh5 27.
Bc1 Rh8 $15) 26... Rfd8 27. Bc1 h5 28. Qh6+ Kg8 29. Bf4 Qb6 (29... Qa8 30. Bxg6
fxg6 31. Qxg6+ Bg7 32. Be5 $19) 30. b4 $2 (30. Be5 $142 Bxe5 31. dxe5 $17)
30... Bxd4 31. Be3 Bxe3 32. fxe3 $2 (32. Qxe3 Bb7 33. Rf1 Qc6 $19) 32... Qc7 (
32... Qc6 $142 $5 {and Black can already relax} 33. Bxg6 fxg6 34. Rac1 $19) 33.
Qf4 Qxf4 (33... e5 $5 34. Qf2 Qc3 35. Bc2 $19) 34. exf4 Bb3 35. Rxd7 Rxd7 36.
Be4 Kf8 37. Kf2 Ke7 38. Ke3 Rc7 39. Kd2 Kd6 40. Rc1 Rxc1 41. Kxc1 Bd5 42. Bd3
Bf3 43. Kd2 Kd5 44. Ke3 Bg2 45. Be2 f5 46. Bd3 e5 47. fxe5 Kxe5 48. Be2 Be4 49.
Bf1 Bd5 50. Be2 Be4 (50... Bc6 51. Bd3 $17) 51. Bd1 (51. Bf1 Kd5 52. Be2 $17)
51... Bc6 $17 52. Bb3 Be4 (52... Bd5 53. Bd1 Ba8 $17) 53. Bg8 (53. Bd1 Ba8 $17)
53... Bc6 (53... Bd5 $5 54. Bxd5 Kxd5 $19) 54. Bf7 (54. Bb3 Bd5 55. Bd1 $17)
54... Kf6 $17 55. Bb3 Ke5 (55... g5 56. hxg5+ Kxg5 57. Be6 $15) 56. Bd1 (56.
Bf7 f4+ 57. gxf4+ Kf5 $15) 56... Bd5 (56... Ba8 57. Bb3 $17) 57. a4 (57. Be2
Bb7 58. Bd1 $17) 57... Bc4 $17 58. a5 Bd5 59. Be2 Be4 60. Bd1 Bd5 (60... Bc6 $5
$17) 61. Be2 $11 Be4 (61... Bc6 $142 $5 $17) 1/2-1/2

[Event "Modbury Championship"]
[Site "Modbury"]
[Date "2002.08.02"]
[Round "7.2"]
[White "Anderson-Smith, William"]
[Black "Lutley, Philip"]
[Result "1-0"]
[WhiteElo "1613"]
[BlackElo "1449"]
[Annotator "Fritz 7"]
[PlyCount "71"]
[EventDate "2002.08.02"]
[EventType "tourn"]
[EventRounds "7"]
[EventCountry "AUS"]

{E93: King's Indian: Classical: Petrosian System with 7...Nbd7} 1. d4 Nf6 2. c4
g6 3. Nc3 Bg7 4. e4 d6 5. Nf3 O-O 6. Be2 e5 7. d5 Nbd7 8. Bg5 h6 9. Bh4 g5 10.
Bg3 Nh5 11. h4 g4 12. Nd2 Nxg3 (12... f5 13. exf5 Ndf6 (13... Nxg3 14. fxg3 h5
15. O-O Nc5 16. Qc2 e4 17. f6 Bxf6 18. Ndxe4 Bd4+ 19. Kh2 Bf5 20. Rxf5 Rxf5 21.
Nxc5 Be5 22. Kg1 Bxg3 23. Qxf5 Qxh4 24. Qg6+ Kh8 25. Qh6+ Kg8 26. Qg6+ Kh8 27.
Qh6+ Kg8 {1/2-1/2 Guimaraes,W-Dos Santos,E/Bello Horizonte 1997/EXT 99 (27)})
14. Bxg4 Nxg3 15. fxg3 Nxg4 16. Qxg4 Bxf5 17. Qe2 e4 18. O-O Qd7 19. Qe3 c5 20.
dxc6 bxc6 21. Nb3 c5 22. Rad1 Qe6 23. Nd5 Rab8 24. Rd2 Bh7 25. Nf4 Qxc4 26.
Rxd6 Rbd8 27. Rc6 Qc2 28. Rxc5 Qxb2 29. Rc7 a5 30. Rfc1 Qe5 31. R7c5 Qd6 32.
Rxa5 Rc8 33. Rxc8 Rxc8 34. Rd5 Qa6 35. Nh5 Qe6 36. Rc5 Rxc5 37. Nxc5 Qxa2 38.
Nxg7 Qa1+ 39. Kh2 Qxg7 40. Ne6 Qf6 41. Nf4 Bf5 42. Qb3+ Kf8 43. Qb8+ Kf7 44.
Nd5 Qe6 45. Ne3 Bg6 46. g4 Kg7 47. Qc7+ {
Hort,V-Vogt,L/Leipzig 1973/EXT 99/[Bulletin]/1-0 (57)}) 13. fxg3 h5 14. O-O Nc5
$146 (14... Bh6 15. Bd3 Nf6 16. Qe2 Ne8 17. Rf2 Ng7 18. Raf1 f6 19. b4 (19. Kh2
Bd7 20. b4 a5 21. bxa5 Rxa5 22. Nb3 Ra3 23. c5 Ne8 24. Bb5 c6 25. dxc6 bxc6 26.
Bc4+ Kg7 27. Rd1 Qb8 28. cxd6 Qb4 29. Qd3 Ra7 30. Rb2 Nxd6 31. Qxd6 Qxc4 32.
Qc5 Qa6 33. Rd6 Be8 {Keres,P-Matanovic,A/Moscow 1963/MCL/1-0 (43)}) 19... Qe7
20. Nb3 b6 21. Kh2 Bd7 22. c5 Rf7 23. c6 Be8 24. a4 Rf8 25. a5 Bg6 26. Nd2 Rf7
27. Nc4 Raf8 28. Qc2 f5 29. exf5 Bf4 30. f6 Qxf6 31. Kg1 Bf5 32. Ne2 b5 33.
Bxf5 Nxf5 34. Nxf4 exf4 35. Rxf4 bxc4 36. Rxf5 Qxf5 37. Rxf5 Rxf5 38. b5 Rf1+
39. Kh2 Kg7 40. b6 axb6 41. axb6 cxb6 42. Qxc4 Rd1 {
1-0 Hort,V-Bednarski,J/Kecskemet 1964/EXT 98 (42)}) (14... f5 15. exf5 Nc5 16.
Nde4 Bxf5 17. Nxc5 dxc5 18. Bd3 e4 19. Bxe4 Bxe4 20. Nxe4 Qe7 21. Qd3 Qe5 22.
Kh2 Qd4 23. Qxd4 Bxd4 24. Ng5 Bxb2 25. Rab1 Rxf1 26. Rxf1 Rf8 27. Rb1 Rf2 28.
Ne4 Rc2 29. Nxc5 {
Garcia Padron,J-Rodriguez Aguilera,A/Ponferrada 1992/EXT 2000/1-0 (44)}) 15. b4
Na6 16. a3 {Controls b4} c6 {Prevents intrusion on b5} 17. Rc1 f5 18. exf5 Bxf5
({Worse is} 18... Rxf5 19. Qc2 Rf6 20. Nde4 $18) 19. Nde4 Bh6 20. Rc2 Qb6+ (
20... Qd7 21. Bd3 $11) 21. Kh2 Qd4 (21... c5 22. b5 Nc7 23. Rxf5 Rxf5 24. Bxg4
$18) 22. Bd3 (22. Rxf5 Rxf5 23. Bxg4 Qxd1 24. Bxd1 Rd8 $16) 22... cxd5 (22...
Nc7 23. Qe2 $14) 23. cxd5 (23. Nb5 Qe3 24. Re1 dxe4 25. Rxe3 Bxe3 26. Bxe4 Bxe4
$18) 23... Bxe4 $2 (23... Nc7 24. Rxf5 Rxf5 25. Nxd6 $16) 24. Rxf8+ (24. Nxe4
$142 $5 Rad8 25. Rc4 $18) 24... Rxf8 $14 25. Nxe4 {The knight likes it on e4} (
{Inferior is} 25. Bxe4 Qxd1 26. Nxd1 Rf1 $15) 25... Qb6 $2 (25... Kh8 $142 $14
{and Black is still in the game}) 26. Bxa6 $18 Qxa6 27. Rc3 $4 {
throwing away the advantage} (27. Rc7 $142 {White has a promising position} Qf1
28. Qc2 $18) 27... Qb6 (27... Rf1 $5 28. Rc8+ Kg7 $11) 28. Qd3 a6 $4 (28... Kg7
$142 $14 {would bring relief}) 29. Ng5 $18 Bxg5 30. Qg6+ (30. hxg5 $6 {
is a useless try} Kg7 $11) 30... Kh8 31. Qxh5+ (31. hxg5 $6 {is impossible} Qd8
$16) 31... Kg7 (31... Bh6 {doesn't get the cat off the tree} 32. Qxh6+ Kg8 33.
Rc4 Ra8 34. Rxg4+ Kf7 35. Rg7+ Ke8 36. Qh8#) 32. Qxg5+ (32. hxg5 $4 Rh8 33.
Qxh8+ Kxh8 $19) 32... Kf7 (32... Kh7 {is no salvation} 33. Qh5+ Kg7 34. Qxg4+
Kh6 35. h5 Rf6 36. Rc8 Kh7 37. Qd7+ Kh6 38. Rh8+ Kg5 39. Rg8+ Rg6 40. Rxg6+
Kxh5 41. Qg4#) 33. Qf5+ Kg7 34. Qxg4+ Kh7 35. Qd7+ (35. Qh5+ Kg8 36. Rc4 Qd4
37. Rc7 Qg1+ 38. Kxg1 Rf1+ 39. Kxf1 Kf8 40. Qf7#) 35... Kg6 36. Rc7 (36. Rc7
Qxc7 37. Qxc7 $18) (36. Rc4 Rf4 37. gxf4 Qg1+ 38. Kxg1 b6 39. Qe6+ Kh5 40. Rc8
exf4 41. Rh8#) 1-0

[Event "Modbury Championship"]
[Site "Modbury"]
[Date "2002.08.02"]
[Round "7.4"]
[White "De Jong, George"]
[Black "Kramer, Warren"]
[Result "0-1"]
[WhiteElo "1356"]
[BlackElo "1403"]
[Annotator "Fritz 7"]
[PlyCount "66"]
[EventDate "2002.08.02"]
[EventType "tourn"]
[EventRounds "7"]
[EventCountry "AUS"]

{B20: Sicilian: Unusual White 2nd moves} 1. e4 c5 2. Bc4 e6 3. d3 Nf6 $146 (
3... d5 4. exd5 exd5 5. Bb5+ (5. Bb3 Be6 (5... Nf6 6. Nf3 Bd6 7. O-O O-O 8. g3
Nc6 9. c3 Bg4 10. Na3 Ne5 11. Be3 Nxf3+ 12. Kh1 Nxh2 13. Qe1 Nxf1 14. Qxf1 Be5
15. Bxc5 Bd6 16. Bxd6 Qxd6 17. Re1 Nd7 18. d4 Qh6+ 19. Kg1 Bf3 20. Qg2 Bxg2 21.
Kxg2 Rae8 22. Rh1 Qf6 23. Bxd5 Re2 24. Bf3 Rxb2 25. Ra1 Re8 26. Nc4 Rc2 27. Rd1
Rxc3 28. Nd2 Qxd4 {0-1 Narsing,P-Lezama,A/Thessaloniki 1984/EXT 97-B (28)}) 6.
c3 Qh4 7. Ne2 Nf6 8. O-O Bd6 9. Ng3 Ng4 10. h3 Nf6 11. Qf3 g5 12. Qxf6 Rg8 13.
Nf5 Bxf5 14. Qxd6 c4 15. dxc4 dxc4 16. Ba4+ Nd7 17. Re1+ Kd8 18. Qe7+ Kc7 19.
Bxd7 Bxd7 20. Qe5+ Kc8 {1-0 Jaszczak,F-Muench,S/Darmstadt 1996/EXT 2001 (20)})
5... Bd7 6. Bxd7+ Qxd7 7. Nf3 Nc6 8. O-O Nf6 9. Bg5 Be7 10. Re1 O-O 11. Ne5
Nxe5 12. Rxe5 h6 13. Bh4 Rfe8 14. Nc3 d4 15. Bxf6 Bxf6 16. Rxe8+ Rxe8 17. Ne4
Be7 18. Qf3 {Touze,J-Daly,C/Cappelle la Grande 1995/EXT 97/0-1 (52)}) 4. a3 (4.
Qe2 Nc6 5. Nf3 d5 6. exd5 Nxd5 $11) 4... Be7 (4... d5 5. Bb5+ Bd7 6. Bxd7+
Nbxd7 7. Nc3 $11) 5. Nf3 (5. e5 Nd5 $14) 5... d5 6. exd5 exd5 7. Ba2 Nc6 8. O-O
O-O 9. Re1 Bg4 10. h3 Bh5 11. g4 Nxg4 (11... Bg6 $142 $5 $11 {
must be considered}) 12. hxg4 $16 Bxg4 13. Kg2 $4 {forfeits the advantage} (13.
Nc3 $142 Bf6 14. Kg2 $14 (14. Nxd5 $2 {would be great except for} Nd4 15. Re3
Bg5 $19)) 13... Nd4 $17 14. Nbd2 Bg5 15. c3 Bxd2 16. cxd4 Bxe1 17. Qxe1 Bxf3+
18. Kxf3 Qf6+ 19. Kg2 (19. Bf4 Rfe8 20. Qd2 g5 $19) 19... Qxd4 (19... Qg6+ 20.
Kh2 Qh5+ 21. Kg2 Qg4+ 22. Kh2 Rfe8 $19 (22... Qxd4 $6 {is clearly worse} 23.
Qe3 $17)) 20. Qe3 $15 Qg4+ 21. Qg3 Qd4 (21... Qxg3+ 22. Kxg3 Rfd8 23. Bg5 $17)
22. Rb1 (22. Qe3 Qxe3 23. fxe3 Rfd8 $15) 22... Rae8 (22... c4 $5 $15 {
is worth consideration}) 23. Be3 $11 Qxd3 24. Bxc5 Qe4+ 25. Kg1 (25. Qf3 $142
$5 {and White has air to breath} Qg6+ 26. Qg3 Qe4+ 27. Qf3 Qg6+ 28. Qg3 Qe4+
$11) 25... Re6 $17 26. Qxg7+ $4 {further deteriorates the position.} (26. Bxf8
$142 Rg6 27. Bb4 $17) 26... Kxg7 27. Bxf8+ (27. Rd1 {does not solve anything}
Qg4+ 28. Kf1 Qh3+ 29. Kg1 Rg6#) 27... Kxf8 28. Rd1 Rg6+ (28... Qg4+ 29. Kf1
Qh3+ 30. Kg1 Rg6#) 29. Kf1 Qg2+ (29... Rh6 30. f3 Qxf3+ 31. Ke1 Rh2 32. Bxd5
Re2#) 30. Ke1 (30. Ke2 {does not win a prize} Re6+ 31. Kd2 Qxf2+ 32. Kc1 Re2
33. Bc4 Rxb2 34. Bb3 Rxb3 35. Rxd5 Qe1+ 36. Kc2 Rc3+ 37. Kb2 Qc1+ 38. Ka2 Rxa3#
) 30... Re6+ 31. Kd2 Qxf2+ 32. Kc1 (32. Kd3 {doesn't get the bull off the ice}
Qe2+ 33. Kc3 Rc6+ 34. Bc4 Rxc4+ 35. Kb3 Qxd1+ 36. Ka2 Rc1 37. b3 Qc2#) 32...
Re1 (32... Re2 33. Bb3 Qe3+ 34. Kb1 Qxb3 35. Rd2 Re1+ 36. Rd1 Rxd1#) 33. Rxe1
$19 Qxe1+ (33... Qxe1+ 34. Kc2 Qe2+ 35. Kc1 d4 $19) 0-1